Online
Catalog

Esto no es una antología : (Record no. 40540)

MARC details
000 -CABECERA
campo de control de longitud fija 01830nam a2200397 i 4500
001 - NÚMERO DE CONTROL
campo de control 000041050
003 - IDENTIFICADOR DEL NÚMERO DE CONTROL
campo de control DO-SdBNP
005 - FECHA Y HORA DE LA ÚLTIMA TRANSACCIÓN
campo de control 20250620134750.0
007 - CAMPO FIJO DE DESCRIPCIÓN FÍSICA--INFORMACIÓN GENERAL
campo de control de longitud fija ta
008 - DATOS DE LONGITUD FIJA--INFORMACIÓN GENERAL
campo de control de longitud fija 130916s2012 dr 000 p spa d
020 ## - NÚMERO INTERNACIONAL ESTÁNDAR DEL LIBRO
Número Internacional Estándar del Libro 9789945475388
040 ## - FUENTE DE LA CATALOGACIÓN
Centro catalogador/agencia de origen DO-SdBNP
Lengua de catalogación spa
Centro/agencia transcriptor BNPHU
Normas de descripción rda
041 ## - CÓDIGO DE LENGUA
Código de lengua del texto/banda sonora o título independiente spa
082 #4 - NÚMERO DE LA CLASIFICACIÓN DECIMAL DEWEY
Número de clasificación xxx
Número de documento/Ítem E81n
Número de edición 22
245 00 - MENCIÓN DE TÍTULO
Título Esto no es una antología :
Resto del título palabras que sangran /
Mención de responsabilidad, etc. prólogo, Ana Gorrída
264 #4 - PRODUCCIÓN, PUBLICACIÓN, DISTRIBUCIÓN, FABRICACIÓN Y COPYRIGHT
Producción, publicación, distribución, fabricación y copyright Santo Domingo :
Nombre del de productor, editor, distribuidor, fabricante Dirección General de la Feria del Libro,
Fecha de producción, publicación, distribución, fabricación o copyright ©2012.
300 ## - DESCRIPCIÓN FÍSICA
Extensión 210 páginas ;
Dimensiones 23 cm.
336 ## - TIPO DE CONTENIDO
Término de tipo de contenido texto
Código de tipo de contenido txt
Fuente rdacontent
337 ## - TIPO DE MEDIO
Nombre/término del tipo de medio sin mediación
Código del tipo de medio n
Fuente rdamedia
338 ## - TIPO DE SOPORTE
Nombre/término del tipo de soporte volumen
Código del tipo de soporte nc
Fuente rdacarrier
490 0# - MENCIÓN DE SERIE
Mención de serie Colectivo el arañazo
500 ## - NOTA GENERAL
Nota general Incluye datos biográficos de los autores.
500 ## - NOTA GENERAL
Nota general Literatura que deja cicatrices
505 0# - NOTA DE CONTENIDO CON FORMATO
Nota de contenido con formato theatrum mundi: La palabra en la escena de la soledad --
Título ¡Sientese!, pintura fresca --
Mención de responsabilidad Ricardo Rafael Cabrera Núñez /
Título (Sobre) vivir --
Mención de responsabilidad Alexéi Tellerías /
Título Trozos de un corazón deambulante --
Mención de responsabilidad Deidamia Rebeca Galán Cruz /
Título Última noche: naufragio --
Mención de responsabilidad Lauristely Peña Solano /
Título Poemas para ser leído bajo la lluvia --
Mención de responsabilidad Luis Reynaldo Pérez /
Título Collage y laberinto --
Mención de responsabilidad Isis Aquino /
Título La noche de las variables malditas --
Mención de responsabilidad Lusmerlin Lantigua /
Título La malabarista insomne (memorial del cuerpo) --
Mención de responsabilidad Ana María Fuster /
590 ## - NOTA LOCAL (RLIN)
Nota local Inventariado, 2020/ YL
700 1# - PUNTO DE ACCESO ADICIONAL--NOMBRE DE PERSONA
Nombre de persona Gorrída, Ana,
Término indicativo de función/relación prologuista
Código de función/relación pr.
9 (RLIN) 77085
700 1# - PUNTO DE ACCESO ADICIONAL--NOMBRE DE PERSONA
Nombre de persona Cabrera Núñez, Ricardo Rafael
9 (RLIN) 75732
700 12 - PUNTO DE ACCESO ADICIONAL--NOMBRE DE PERSONA
Nombre de persona Tellerías, Alexéi
9 (RLIN) 77078
700 12 - PUNTO DE ACCESO ADICIONAL--NOMBRE DE PERSONA
Nombre de persona Galán Cruz, Deidamia Rebeca
9 (RLIN) 77079
700 12 - PUNTO DE ACCESO ADICIONAL--NOMBRE DE PERSONA
Nombre de persona Peña Solano, Lauristely
9 (RLIN) 43070
700 12 - PUNTO DE ACCESO ADICIONAL--NOMBRE DE PERSONA
Nombre de persona Reynaldo Pérez, Luis
9 (RLIN) 77080
700 12 - PUNTO DE ACCESO ADICIONAL--NOMBRE DE PERSONA
Nombre de persona Aquino, Isis
9 (RLIN) 77081
700 12 - PUNTO DE ACCESO ADICIONAL--NOMBRE DE PERSONA
Nombre de persona Lantigua, Lusmerlin
9 (RLIN) 77082
700 12 - PUNTO DE ACCESO ADICIONAL--NOMBRE DE PERSONA
Nombre de persona Fuster, Ana María
9 (RLIN) 54338
942 ## - ELEMENTOS DE PUNTO DE ACCESO ADICIONAL (KOHA)
Fuente del sistema de clasificación o colocación Dewey Decimal Classification
Tipo de ítem Koha Libro
Holdings
Estado de retiro Estado de pérdida Fuente del sistema de clasificación o colocación Restricciones de uso No para préstamo Código de colección Localización permanente Ubicación/localización actual Ubicación en estantería Fecha de adquisición Fuente de adquisición Total de préstamos Signatura topográfica completa Código de barras Fecha visto por última vez Precio válido a partir de Tipo de ítem Koha Coste, precio normal de compra Número de copia
    Dewey Decimal Classification Préstamo restringido   Patrimonio Dominicano Biblioteca Nacional Pedro Henríquez Ureña Biblioteca Nacional Pedro Henríquez Ureña En catalogación 21.10.2013 Alfonso Quiñones   xxx E81n 41050-10 25.06.2020 25.06.2020 Libro    
    Dewey Decimal Classification Préstamo restringido   Patrimonio Dominicano Biblioteca Nacional Pedro Henríquez Ureña Biblioteca Nacional Pedro Henríquez Ureña En catalogación 09.07.2013 Compra   xxx E81n 41050-20 25.06.2020 25.06.2020 Libro 200.00 e. 2
    Dewey Decimal Classification Préstamo en sala   Dominicana de Servicio Biblioteca Nacional Pedro Henríquez Ureña Biblioteca Nacional Pedro Henríquez Ureña En catalogación 06.12.2018 Nieves L. Enuterio R.   xxx E81n 2020-0285 30.10.2020 25.06.2020 Libro 200.00 e. 3
    Dewey Decimal Classification Préstamo en sala   Dominicana de Servicio Biblioteca Nacional Pedro Henríquez Ureña Biblioteca Nacional Pedro Henríquez Ureña En catalogación 28.03.2022 Donación   xxx E81n 2022-1009 28.03.2022 28.03.2022 Libro   e.4
    Dewey Decimal Classification Préstamo en sala   Dominicana de Servicio Biblioteca Nacional Pedro Henríquez Ureña Biblioteca Nacional Pedro Henríquez Ureña En catalogación 06.05.2024 Donado por Ministerio de la Mujer   xxx E81n 2025-4989 10.06.2025 10.06.2025 Libro   e.5

Powered by Koha